000 00919nam a2200253 a 4500
001 BRCA_6367
005 20190320205428.0
008 100311s1914----enka#####t---#000-0#eng-#
041 _aeng
044 _aenk
050 4 _aHC132
_b.M49 2 1914
245 1 0 _aThe Mexican Year Book
_bA Financial and Commercial Handbook, compiled from Official and other Returns, 1914.
260 _aLondres
_bMc Corquodale & Company Limited
_c1914
300 _aciv, 308 p.
_bil. (algunas a color), 2 mapas plegables
_c23 cm.
440 0 _aThe Mexican Year Book
_v7
_915952
500 _aIncluye índice de aranceles, índice general e índice alfabético de anunciantes
500 _aEdición con canto de cabeza dorado
500 _aVer también CEF63 y H91
500 _aCEF64
650 1 4 _aFinanzas
_vAnuarios
_zMéxico
_911370
651 4 _aMéxico
_vAnuarios
_xCondiciones económicas
_914706
902 _aGFM
942 _2lcc
_cB
999 _c6053
_d6053